000 01224cam a22002174a 4500
005 20250605163941.0
008 250528s ||||||||||||||||||||||||d
035 _a15036
020 _a71127178
040 _aGR-AtMCL
_bgre
_dGR-AtMCL
_eAACR2
245 1 _aAccounting / The Basis for Business Decisions: Ninth Edition
250 _a9th
260 _bMcgraw Hill Book Company,
_c1993
300 _a1300
520 _aPreface, Acknowledgements, The Accounting Cycle, Accounting: The Language of Business, Measuring Business Income, Completion of the Accounting Cycle, Merchandising Concerns and the Design of Accounting Systems, Accounting for Assets, The Control of Cash Transactions, Inventories and the Cost of Goods Sold, Liabilities and Parthenships and Accounting Principles, Partnerships, Corporations, Special Types of Liabilities, Investment in Corporate Securities, Special Purpose Reports and Financial Statement Analysis, Measuring Cash Flows, Managerial Accounting: Cost Accounting Systems, Managerial Accounting: Planning and Control, Budgeting and Standard Costs, Appendices, Index.
700 1 _aMeigs Robert F
_9871
700 1 _aMeigs Walter B
_9872
942 _cBK
999 _c640
_d640